LIBRARY & INFORMATION CENTRE, KCAET, TAVANUR

ONLINE PUBLIC ACCESS CATALOGUE (OPAC)

Parichayam / (Record no. 5014)

MARC details
000 -LEADER
fixed length control field 00367cam a2200145ua 4500
041 ## - LANGUAGE CODE
Language code of text/sound track or separate title mal
082 ## - DEWEY DECIMAL CLASSIFICATION NUMBER
Classification number 928.894812
Item number KAR/PA
100 ## - MAIN ENTRY--AUTHOR NAME
Personal name Karunakaran, Kambissery .
245 ## - TITLE STATEMENT
Title Parichayam /
260 ## - PUBLICATION, DISTRIBUTION, ETC. (IMPRINT)
Place of publication Kollam :
Name of publisher Janayugam Books ,
Year of publication 1965.
300 ## - PHYSICAL DESCRIPTION
Number of Pages 359 ; .
942 ## - ADDED ENTRY ELEMENTS (KOHA)
Koha item type Books
Holdings
Withdrawn status Lost status Damaged status Home library Current library Date acquired Full call number Accession Number Koha item type
      KAUAET KAUAET 07/04/2012 928.894812 12751 Books
free website counter